The Butterfly Garden Batticaloa, Sri Lanka: (Record no. 116)

MARC details
000 -LEADER
fixed length control field 004950000a22001450004500
008 - FIXED-LENGTH DATA ELEMENTS--GENERAL INFORMATION
fixed length control field 230817t ||||| |||| 00| 0 eng d
020 ## - ISBN
ISBN 9555991979
082 ## - DEWEY DECIMAL CLASSIFICATION NUMBER
Classification number 361.74
Item number CHA
942 ## - ADDED ENTRY ELEMENTS (KOHA)
Item Type Reports
100 ## - MAIN ENTRY--PERSONAL NAME
Personal Name Chase, Robert
245 ## - TITLE STATEMENT
Title The Butterfly Garden Batticaloa, Sri Lanka:
Sub Title final report of a program development and research project (1998-2000)
260 ## - PUBLICATION, DISTRIBUTION, ETC. (IMPRINT)
Place of Publication [Ratmalana],
Name of Publisher [Sarvodaya Vishva Lekha],
Date of Copyright 2000
300 ## - PHYSICAL DESCRIPTION
Extent 85 p.;ill.
650 ## - SUBJECT ADDED ENTRY--TOPICAL TERM
Topical Term NON GOVERNMENTAL ORGANIZATIONS-Sri Lanka
Holdings
Withdrawn status Lost status Source of classification or shelving scheme Damaged status Not for loan Permanent location Current location Date acquired Total Checkouts Full call number Barcode Date last seen Price effective from Koha item type
    Dewey Decimal Classification     Resource center, Muslim Women's Research And Action Forum Resource center, Muslim Women's Research And Action Forum 2023-08-17   361.74 CHA RAF3979 2023-08-17 2023-08-17 Reports
    Dewey Decimal Classification     Resource center, Muslim Women's Research And Action Forum Resource center, Muslim Women's Research And Action Forum 2024-07-01   361.74 CHA RAF5334 2024-07-01 2024-07-01 Reports

Copyright © 2023 Muslim Women's Research and Action Forum (MWRAF), No 27/3, Anderson Road, Kalubowila, Dehiwela. Funded by The Asia Fundation